000
00182 a2200097 4500
020
_a
9780545164399
041
_a
eng
100
_a
Lynn Maslen Kertell
245
_a
Fix It
942
_c
K
999
_c
27837
_d
27837